=LDR 00000nam 2200000 4500 =001 INLIS000000000005848 =005 20251029102718 =035 ##$$a 0010-1025000903 =007 ta =008 251029###########################0#ind## =082 ##$$a 020.04 =084 ##$$a 020.04 HER p =100 #$$a Hernandono =245 1#$$a Perkembangan Baru Dalam Bidang Perpustakaan dan Informasi Di Indonesia /$c Badan Koordinasi Keluarga Berencana Nasional =260 ##$$a Jakarta :$b Badan Koordinasi Keluarga Berencana Nasional,$c 1985 =300 ##$$a 7 Hal : $b Ilus ; $c 21 =650 #4$$a Keluarga Berencana =856 ##$$a Perpustakaan Kemendukbangga